Social psychology / (Record no. 48118)
[ view plain ]
| 000 -LEADER | |
|---|---|
| fixed length control field | 00570nam a22001697a 4500 |
| 008 - FIXED-LENGTH DATA ELEMENTS--GENERAL INFORMATION | |
| fixed length control field | 170126b xxu||||| |||| 00| 0 eng d |
| 020 ## - INTERNATIONAL STANDARD BOOK NUMBER | |
| International Standard Book Number | 9780070319844 |
| 050 ## - LIBRARY OF CONGRESS CALL NUMBER | |
| Classification number | HM1033 |
| Item number | .M94 2012 |
| 100 ## - MAIN ENTRY--PERSONAL NAME | |
| Personal name | Myers, David G. |
| 245 ## - TITLE STATEMENT | |
| Title | Social psychology / |
| Statement of responsibility, etc | David G. Myers. |
| 250 ## - EDITION STATEMENT | |
| Edition statement | 5th Canadian ed. |
| 260 ## - PUBLICATION, DISTRIBUTION, ETC. (IMPRINT) | |
| Place of publication, distribution, etc | New York, NY : |
| Name of publisher, distributor, etc | McGraw-Hill, |
| Date of publication, distribution, etc | 2012. |
| 300 ## - PHYSICAL DESCRIPTION | |
| Extent | xxiv, 650, [120] p. : |
| Other physical details | ill. (some col.), map ; |
| Dimensions | 26 cm. + |
| 500 ## - GENERAL NOTE | |
| General note | Includes bibliographical references (p. R-1-R-94) and <br/> indexes |
| 650 ## - SUBJECT ADDED ENTRY--TOPICAL TERM | |
| Topical term or geographic name as entry element | Social psychology. |
| 942 ## - ADDED ENTRY ELEMENTS (KOHA) | |
| Source of classification or shelving scheme | Library of Congress Classification |
| Item type | Book |
| Withdrawn status | Lost status | Source of classification or shelving scheme | Damaged status | Not for loan | Collection code | Home library | Current library | Shelving location | Date acquired | Source of acquisition | Cost, normal purchase price | Total Checkouts | Full call number | Barcode | Date last seen | Date last borrowed | Copy number | Price effective from | Koha item type |
|---|---|---|---|---|---|---|---|---|---|---|---|---|---|---|---|---|---|---|---|
| Library of Congress Classification | Non-fiction | Nairobi Campus | Nairobi Campus | General Circulation | 26/01/2017 | Donation-BFA | 1000.00 | 1 | HM1033 .M94 2012 | 049763 | 03/11/2023 | 16/10/2023 | 1 | 26/01/2017 | Book |